| 000 | 02150nam0a2200313 i 4500 | ||
|---|---|---|---|
| 001 | RU\NLR\BIBL_A\010821235 | ||
| 005 | 20241103134542.0 | ||
| 010 |
_a9785502005203 _9100 |
||
| 021 |
_aRU _b2015-51241 _93031 |
||
| 035 | _a(NILC)RuMoRGB-007975160 | ||
| 035 | _a(NLR Aleph) 010821235 | ||
| 090 |
_a10244511 _c10244511 |
||
| 100 | _a20150818d2014 u y0rusy50 ca | ||
| 101 | 0 | _arus | |
| 102 | _aRU | ||
| 105 | _aa|||j|||000yy | ||
| 200 | 1 |
_aСовременные методологии и инструментальные средства поддержки проектирования информационных систем _eучебное пособие для студентов всех форм обучения, обучающихся по направлениям подготовки 230100 "Информатика и вычислительная техника" и 230400 "Информационные системы и технологии" _fВ.Ю. Карпычев _gМ-во образования и науки Рос. Федерации, Федер. гос. бюджет. образоват. учреждение высш. проф. образования "Нижегор. гос. техн. ун-т им. Р.Е. Алексеева" |
|
| 210 |
_aНижний Новгород _cНижегородский государственный технический университет _d2014 |
||
| 215 |
_a96, [1] с. _cил. _d20 |
||
| 320 | _aБиблиогр.: с. 94 (13 назв.) | ||
| 606 | 1 |
_aИнформационные системы _jУчебные издания для высших учебных заведений _xПроектирование _91193743 _3RU\NLR\AUTH\66482163 |
|
| 606 |
_aARIS, пакет прикладных программ _jУчебные издания для высших учебных заведений _92434688 _3RU\NLR\AUTH\661448877 |
||
| 686 | 1 | _aЗ973.233.02-02я73-1 | |
| 700 | 1 |
_aКарпычев _bВ. Ю. _gВладимир Юрьевич |
|
| 801 | 0 |
_aRU _bРГБ _c20150714 _gRCR |
|
| 942 | _cBOOK | ||
| 980 | _aNBR | ||